000 00437nam a2200181Ia 4500
001 1230
005 20260306140616.0
008 260306t2017||||xx |||||||||||||| ||spa||
041 _aESP
082 _a189.4
_bP54
100 _aPieper, Josef
_eAUT
245 0 _aIntroducción a Tomás de Aquino:
_bdoce lecciones
260 _c2017
300 _a182 páginas :
_c20 cm.
650 _aGEN
654 _aCHU
942 _cLIB
_dJUS
_fJUS
_2ddc
_n
999 _c1230
_d1230